000 00549nam a2200181Ia 4500
008 090124s9999 xx 000 0 und d
082 _b27445
100 _aसरदेसाई गो. बा.
245 _a युद्धनौका
250 _a1
260 _bप्रसाद प्रकाशन
_c1988
300 _a110
600 _aसरदेसाई गो. बा.
630 _a युद्धनौका
700 _aसरदेसाई गो. बा.
730 _a युद्धनौका
942 _cBOOK
999 _c96227
_d96227